| 000 | 00394nam a2200145Ia 4500 | ||
|---|---|---|---|
| 008 | 231129s1984||||xx |||||||||||||| ||spa|| | ||
| 020 | _a84-8280-590-8 | ||
| 040 | _bspa | ||
| 082 | _a796.6 D946e | ||
| 100 | _aDuque Naranjo Rafael | ||
| 245 | 0 | _aLos escarabajos de la vuelta a Colombia | |
| 260 | _c1984 | ||
| 264 | _aLa Oveja Negra | ||
| 942 |
_2ddc _cBKS |
||
| 999 |
_c19655 _d19655 |
||